00385cam a2200133 i 4500020002800000082001400028100001900042245004700061250001100108260006400119300002600183500002000209650002200229 a0521217156.a052129241700a547.2 CAR1 aCarruthers, W.10aSome modern methods of organic synthesis / a2d ed. aCambridge ;aNew York :bCambridge University Press,c1978. axii, 532 p. :bill. ; aIncludes index. 0aOrganic compounds